| 000 | 00840nam a2200217Ia 4500 | ||
|---|---|---|---|
| 003 | OSt | ||
| 005 | 20200804144809.0 | ||
| 008 | 191128s1996 ck gr 000 0 spa d | ||
| 040 |
_aCO-JMCR _cCO-JMCR |
||
| 041 | 0 | _aspa | |
| 082 | 0 | 4 |
_a364.168 / _bA837l _223 |
| 110 | 2 |
_aColombia. Asociación Bancaria _98366 |
|
| 245 | 2 | 0 |
_aLavado de activos : _bforo academico / _cColombia. Asociación Bancaria Y de Entidades Financieras De Colombia, |
| 260 |
_aBogotá : _bArtes gráficas Asobancaria, _c1996. |
||
| 300 |
_a95 páginas ; _c22 cm. |
||
| 300 | _c | ||
| 505 | 0 | _aGilberto Gómez Arango -- Carlos Medellín Becerra -- Alfonso Valdivieso Sarmiento -- Adolfo Salamanca Correa -- Daniel Jimenez -- Édgar Enrique Lasso Fonseca -- Fernando Silva García | |
| 650 | 2 | 4 |
_aForo _98367 |
| 650 | 2 | 4 |
_aLavado de activos _98368 |
| 942 |
_2ddc _cBK |
||
| 999 |
_c5972 _d5972 |
||